Footing the bill for affordable homes. (Record no. 60419)
[ view plain ]
| 000 -LEADER | |
|---|---|
| fixed length control field | 00871cam a2200217 4500 |
| 001 - CONTROL NUMBER | |
| control field | ABS60769 |
| 008 - FIXED-LENGTH DATA ELEMENTS--GENERAL INFORMATION | |
| fixed length control field | 000000n1999 000 0 eng u |
| 035 ## - SYSTEM CONTROL NUMBER | |
| System control number | (Sirsi) u101266 |
| 100 ## - MAIN ENTRY--PERSONAL NAME | |
| Personal name | Whitehead, C. |
| 245 ## - TITLE STATEMENT | |
| Title | Footing the bill for affordable homes. |
| 260 ## - PUBLICATION, DISTRIBUTION, ETC. | |
| Date of publication, distribution, etc. | 1999 |
| 490 ## - SERIES STATEMENT | |
| Series statement | Planning (for the Natural and Built Environment) |
| Volume/sequential designation | (1320) 28 May 1999, 20-21(2) |
| 520 ## - SUMMARY, ETC. | |
| Summary, etc. | Focuses on government targets for affordable housing and asks who will bear the cost of providing such housing. Also suggests that the government's emphasis on the re-use of brownfield sites, which increases the cost of provision, conflicts with the policy on affordable housing. |
| 650 ## - SUBJECT ADDED ENTRY--TOPICAL TERM | |
| Topical term or geographic name entry element | BROWNFIELD SITES |
| 650 ## - SUBJECT ADDED ENTRY--TOPICAL TERM | |
| Topical term or geographic name entry element | SOCIAL HOUSING |
| 650 ## - SUBJECT ADDED ENTRY--TOPICAL TERM | |
| Topical term or geographic name entry element | SOCIAL RENTED SECTOR |
| 650 ## - SUBJECT ADDED ENTRY--TOPICAL TERM | |
| Topical term or geographic name entry element | PLANNING SYSTEM |
| 690 ## - LOCAL SUBJECT ADDED ENTRY--TOPICAL TERM (OCLC, RLIN) | |
| Topical term or geographic name as entry element | HOUSING-DEVELOPMENT |
| 700 ## - ADDED ENTRY--PERSONAL NAME | |
| Personal name | Crook, T. |
| 942 ## - ADDED ENTRY ELEMENTS (KOHA) | |
| Suppress in OPAC | 0 |
| Withdrawn status | Lost status | Source of classification or shelving scheme | Damaged status | Not for loan | Home library | Current library | Shelving location | Date acquired | Total Checkouts | Full call number | Barcode | Date last seen | Copy number | Price effective from | Koha item type |
|---|---|---|---|---|---|---|---|---|---|---|---|---|---|---|---|
| Dewey Decimal Classification | London | London | Journal article | 03/11/1999 | ABS60769 | 101266-1001 | 06/08/2019 | 1 | 06/08/2019 | Journal article |